000 01071nam0a2200325 4500
001 RU\NLR\bibl\1766984
005 20260406084558.0
010 _a978-5-9533-5274-1
_95000
021 _aRU
_b2011-24631
_9196д/11
035 _a(NLR Aleph) 001757778
090 _a1559155
_c1559155
100 _a20110506d2011 |||y0rusy50 ca
101 0 _arus
102 _aRU
105 _ay |||||||||
200 1 _aЧерез лабиринт
_e[романы]
_fПавел Шестаков
210 _aМосква
_cВече
_d2011
215 _a334, [2] с.
_d21
225 1 _aВоенные приключения
_eВП
327 1 _aСодерж.: Через лабиринт; Страх высоты
686 _aШ6(2=Р)75-446
700 1 _4070
_7ca
_8rus
_aШестаков
_bП. А.
_f1932-2000
_gПавел Александрович
_92651182
_3RU\NLR\AUTH\770279215
801 0 _aRU
_bNLR
_c20110506
_gRCR
801 1 _aRU
_bNLR
_c20110506
830 _aавт. по кн.
942 _cBOOK
980 _aNB
980 _aNBR